Państwa według samochodu - Statystyki

Ogólne statystyki
  • Ten quiz został rozwiązany 23 razy
  • Średni wynik to 11 z 16
Statystyki odpowiedzi
Obrazkowy Odpowiedź % Poprawnych
Niemcy
100%
Stany Zjednoczone
95%
Włochy
95%
Czechy
90%
Polska
86%
Niemcy
81%
Stany Zjednoczone
81%
Wielka Brytania
81%
Francja
76%
Włochy
76%
Niemcy
71%
Francja
52%
Wielka Brytania
48%
Szwecja
38%
Wielka Brytania
29%
Australia
14%
Nie znaleziono quizów pasujących do podanych kryteriów
Rozkład punktacji
Procent ludzi z każdym wynikiem
Percentyl według liczby udzielonych odpowiedzi
Twoja historia wyników
Nie rozwiązałeś tego quizu